Macroeconomía (Registro nro. 166074)

Detalles MARC
000 -LEADER
fixed length control field 01194nam a22002777a 4500
007 - PHYSICAL DESCRIPTION FIXED FIELD--GENERAL INFORMATION
fixed length control field cr|||| ||||
008 - FIXED-LENGTH DATA ELEMENTS--GENERAL INFORMATION
fixed length control field 180428s2017 co |||||s|||| 00||0 spa d
020 ## - INTERNATIONAL STANDARD BOOK NUMBER
International Standard Book Number 978-958-771-448-7
035 ## -
-- 21538
040 ## - CATALOGING SOURCE
Original cataloging agency vLex
090 ## -
-- 7837
-- 7837
100 1# - MAIN ENTRY--PERSONAL NAME
Personal name Buchieri, Flavio E.
245 10 - TITLE STATEMENT
Title Macroeconomía
Medium [Recurso electrónico] :
Remainder of title un enfoque latinoamericano /
Statement of responsibility, etc Flavio E. Buchieri, Néstor R. Perticarari, Tomás Mancha Navarro, Alejandro D. Pereyra
256 ## -
-- Servicio en línea
260 ## - PUBLICATION, DISTRIBUTION, ETC. (IMPRINT)
Place of publication, distribution, etc Bogotá:
Name of publisher, distributor, etc ECOE,
Date of publication, distribution, etc 2017
300 ## - PHYSICAL DESCRIPTION
Extent 1 recurso electrónico
506 1# - RESTRICTIONS ON ACCESS NOTE
Terms governing access Disponible solo en los productos indicados
Authorized users vLex Global
-- vLex Global (Academic Edition, excluding Law Schools)
-- vLex Global (U.S. Academic Edition, Law Schools)
-- vLex Global (U.S. Academic Edition, excluding Law Schools)
-- vLex Global (Academic Edition, Law Schools)
650 04 - SUBJECT ADDED ENTRY--TOPICAL TERM
Topical term or geographic name as entry element Derecho Fiscal
Geographic subdivision Colombia
700 1# - ADDED ENTRY--PERSONAL NAME
Personal name Perticarari, Néstor R.
700 1# - ADDED ENTRY--PERSONAL NAME
Personal name Mancha Navarro, Tomás
700 1# - ADDED ENTRY--PERSONAL NAME
Personal name Pereyra, Alejandro D.
740 0# -
-- vLex Libros (Servicio en línea)
856 40 - LOCALIZACIÓN Y ACCESO ELECTRÓNICO
Identificador Uniforme del Recurso (URI/URL) https://app.vlex.com/#/sources/macroeconomia-enfoque-latinoamericano-21538
942 ## -
-- RAA
999 ## -
-- 166074
-- 166074

No hay ítems disponibles.


CONTACTO


NOSOTROS


SITIOS DE INTERES

coordinacion.biblioteca.biblioteca@unienlinea.mx Misión, Visión y Objetivos Bases de datos
Directorio Bibliotecas Digitales y Repositorios
Normatividad Revistas y artículos
Convenios interbibliotecarios
Boletines



Hecho en México. Universidad Insurgentes (UIN). Todos los derechos reservados 2024. Esta página y sus contenidos pueden ser reproducidos con fines no lucrativos, siempre y cuando no se mutile, se cite la fuente completa y su dirección electrónicas. De otra forma requiere permiso previo por escrito de la institución




2024 Copyright Universidad Insurgentes | www.bibliouin.com.mx